000 00418nam a22001577a 4500
003 NUST - PNEC
005 20170116181137.0
008 151007b xxu||||| |||| 00| 0 eng d
040 _cLIBRARY
082 _a954.9 HAM
100 _914410
_aHamid, Abdul
245 _aOn understanding the Quaid-i-Azam
_cAbdul Hamid
260 _c1977
650 _914408
_aJinnah, Mahomed Ali, 1876-1948
_xGeneral
942 _2ddc
_cBK
999 _c70310
_d70310